Beszerzés megoldásának módja, szállítói kapcsolatok kezelése, informatikai támogatás megoldását, szoftvereit.
| Szerző: | |
|---|---|
| További közreműködők: | |
| Dokumentumtípus: | Projektmunka |
| Kulcsszavak: | beszállító(k) beszállító-értékelés beszállítófejlesztés beszerzés beszerzési stratégia beszerzési tevékenység digitalizálás - digitalizáció ERP rendszerek |
| Online Access: | http://dolgozattar.uni-bge.hu/60366 |
MARC
| LEADER | 00000nnm a2200000 i 4500 | ||
|---|---|---|---|
| 001 | dolg60366 | ||
| 005 | 20260409150506.0 | ||
| 008 | 260409suuuu hu o 000 hun d | ||
| 040 | |a BGE Dolgozattár Repozitórium |b hun | ||
| 041 | |a hu | ||
| 100 | 1 | |a Balázs Ádám | |
| 245 | 1 | 0 | |a Beszerzés megoldásának módja, szállítói kapcsolatok kezelése, informatikai támogatás megoldását, szoftvereit. |c Balázs Ádám |h [elektronikus dokumentum] |
| 516 | |a Project_work | ||
| 520 | 3 | |a A záródolgozat célja a beszerzés vállalati működésében betöltött szerepének bemutatása, különös tekintettel arra, hogyan hatnak a szállítói kapcsolatok, a fenntarthatósági szempontok és a digitalizáció a modern ellátási láncok működésére.Az elméleti rész áttekinti a beszerzés szervezeti megoldásait, a kapcsolatkezelés gyakorlatát, az SRM-módszertant és a különböző beszállítói kategóriák kezelésének szempontjait. Emellett kitér a fenntartható beszerzés jelentőségére, valamint azokra a szabványokra és irányelvekre, amelyek a környezeti és társadalmi felelősséget érintik. A dolgozat egyik központi eleme a digitalizáció hatásainak bemutatása: az ERP és egyéb vállalati informatikai rendszerek alkalmazása ma már alapvetően meghatározza a hatékony és átlátható beszerzési működést.A gyakorlati fejezet a Haldex Hungary Kft.-nél eltöltött szakmai gyakorlat tapasztalataira épít. Részletesen bemutatja a vállalat szervezeti struktúráját, gyártási folyamatait és beszerzéshez kapcsolódó operatív és adminisztratív feladatokat. A dolgozat kitér a beszállítói kommunikáció mindennapi gyakorlatára, a teljesítménymutatók értékelésére, valamint olyan kulcsfeladatokra, mint a mintakiküldési folyamat vagy az árfrissítések kezelése az ERP rendszerekben. A gyakorlati tapasztalatok rávilágítanak arra, hogy a beszerzés a vállalat működésér hosszú távon befolyásoló stratégiai terület, amely egyszerre igényel precizitást, elemző gondolkodást és hatékony kommunikációt.A dolgozat végül összegzi a gyakorlat során szerzett tanulságokat, valamint bemutatja, milyen módon kapcsolódnak az elméleti ismeretek a napi vállalati működéshez. | |
| 695 | |a beszállító(k) | ||
| 695 | |a beszállító-értékelés | ||
| 695 | |a beszállítófejlesztés | ||
| 695 | |a beszerzés | ||
| 695 | |a beszerzési stratégia | ||
| 695 | |a beszerzési tevékenység | ||
| 695 | |a digitalizálás - digitalizáció | ||
| 695 | |a ERP rendszerek | ||
| 700 | 1 | |a Kozma Dr. Tímea |e ths | |
| 856 | 4 | 0 | |u http://dolgozattar.uni-bge.hu/60366/1/Beszerz%C3%A9s%20megold%C3%A1s%C3%A1nak%20m%C3%B3dja%2C%20sz%C3%A1ll%C3%ADt%C3%B3i%20kapcsolatok%20kezel%C3%A9se%2C%20informatikai%20t%C3%A1mogat%C3%A1s%20megold%C3%A1s%C3%A1t%2C%20szoftvereit..pdf |z Dokumentum-elérés |
| 856 | 4 | 0 | |u http://dolgozattar.uni-bge.hu/60366/2/biralatilap_foszk%20Bal%C3%A1zs%20%C3%81d%C3%A1m.pdf |z Dokumentum-elérés |